The long wait, (Record no. 350727)
[ view plain ]
| 000 -LEADER | |
|---|---|
| fixed length control field | 00672cam a22002411 4500 |
| 001 - CONTROL NUMBER | |
| control field | 3110093 |
| 003 - CONTROL NUMBER IDENTIFIER | |
| control field | OSt |
| 005 - DATE AND TIME OF LATEST TRANSACTION | |
| control field | 20180116183024.0 |
| 008 - FIXED-LENGTH DATA ELEMENTS--GENERAL INFORMATION | |
| fixed length control field | 751126s1951 nyu 000 1 eng |
| 010 ## - LIBRARY OF CONGRESS CONTROL NUMBER | |
| LC control number | 51013576 |
| 040 ## - CATALOGING SOURCE | |
| Original cataloging agency | DLC |
| Transcribing agency | Wa |
| Modifying agency | DLC |
| 050 00 - LIBRARY OF CONGRESS CALL NUMBER | |
| Classification number | PZ3.S7568 |
| Item number | Lo |
| Classification number | PS3537.P652 |
| 082 ## - DEWEY DECIMAL CLASSIFICATION NUMBER | |
| Classification number | 813.54 SPI 1960 |
| 100 1# - MAIN ENTRY--PERSONAL NAME | |
| Personal name | Spillane, Mickey, |
| Dates associated with a name | 1918-2006. |
| 245 14 - TITLE STATEMENT | |
| Title | The long wait, |
| Statement of responsibility, etc. | by Mickey Spillane. |
| 250 ## - EDITION STATEMENT | |
| Edition statement | [1st ed.] |
| 260 ## - PUBLICATION, DISTRIBUTION, ETC. | |
| Place of publication, distribution, etc. | New York, |
| Name of publisher, distributor, etc. | Dutton, |
| Date of publication, distribution, etc. | 1951. |
| 300 ## - PHYSICAL DESCRIPTION | |
| Extent | 184 p. |
| Dimensions | PB |
| 490 0# - SERIES STATEMENT | |
| Series statement | Guilt edged mystery |
| 655 #7 - INDEX TERM--GENRE/FORM | |
| Genre/form data or focus term | Detective and mystery stories. |
| Source of term | gsafd |
| 906 ## - LOCAL DATA ELEMENT F, LDF (RLIN) | |
| a | 7 |
| b | cbc |
| c | orignew |
| d | u |
| e | ocip |
| f | 19 |
| g | y-gencatlg |
| 942 ## - ADDED ENTRY ELEMENTS (KOHA) | |
| Source of classification or shelving scheme | |
| Koha item type | Book |
| Withdrawn status | Lost status | Source of classification or shelving scheme | Damaged status | Not for loan | Collection code | Permanent Location | Current Location | Shelving location | Date acquired | Total Checkouts | Full call number | Barcode | Date last seen | Price effective from | Koha item type |
|---|---|---|---|---|---|---|---|---|---|---|---|---|---|---|---|
| Central Library (CL) | Central Library (CL) | Fiction | 12/02/2015 | 813.54 SPI 1960 | NBSD-2287 | 10/07/2024 | 12/02/2015 | Book |
